000 00335nam a2200121Ia 4500
005 20251222143250.0
008 251222s9999||||xx |||||||||||||| ||spa||
082 _a342.041.3/O73
100 _aOrtecho Villena, Victor Julio
245 0 _aJurisdicción Constitucional:
264 _bUniversidad Antenor Orrego de Trujillo
942 _cLIB
999 _c14916
_d14916